000 01160cam a22001934a 4500
005 20250605163930.0
008 250528s ||||||||||||||||||||||||d
035 _a14652
020 _a70048746
040 _aGR-AtMCL
_bgre
_dGR-AtMCL
_eAACR2
245 1 _aAggression / Its Causes, Consequences, and Control
260 _bMcgraw Hill, Inc,
_c1993
300 _a486
520 _aThis book attempts to bridge the gaps between the different disciplinary approaches to human violence. Foreword, Preface, The Problem of Aggression, Emotional Aggression, Effects of Frustrations, We're Nasty When We Feel Bad, Does Thinking Make It So?, Aggressive Personalities, The Identification of the Violence Prone, The Development of Violence Proneness, Violence in Society, Violence in the Media, Domestic Violence, Murder, Controlling Aggression, Punishment and Societal Controls, Psychological Procedures for Controlling Aggression, Some Special Questions, Biology and Aggression, Aggression in the Laboratory, In Conclusion: Some Lessons to Be Drawn, Bibliography, Index.
700 1 _aBerkowitz N. Eric
_9385
942 _cBK
999 _c276
_d276